| 000 | 00529nam a2200145Ia 4500 | ||
|---|---|---|---|
| 008 | 231217s9999 xx 000 0 und d | ||
| 041 | _aEnglish | ||
| 082 | _a333.70954 COU.5;1 R | ||
| 100 | _aCouncil of Scientific and Industrial Research. | ||
| 245 | 4 | _aThe Wealth of India : a dictionary of Indian raw materials and industrial products, Raw materials Vol.5 H-K | |
| 260 |
_c1959 _bCSIR _aNew Delhi |
||
| 300 | _axxv, 332+xii | ||
| 650 | _aWealth,India;,India,raw,materials,products,,Raw,materials,Vol.1,A-B | ||
| 942 | _cAA | ||
| 999 |
_c198079 _d198079 |
||